000 00542nam a2200217Ia 4500
003 OSt
005 20220918193039.0
006 a|||||r|||| 00| 0
007 ta
008 220917b |||||||| |||| 00| 0 eng d
024 _a71,677
037 _cTextual
040 _aARTS
_cARTS
_beng
041 _2eng
_aeng
082 _aR3xM891;3, 113J0
100 _aHeidegger Martin
_917777
245 0 _aHolzwegw Aufl 2
260 _c1950
942 _hR3xM891;3, 113J0
_cTEXL
_2CC
999 _c197750
_d197750